000 00706nam a2200253 a 4500
001 BRCA_5815
005 20190320205227.0
008 100311s1951----fr-a######---#000-0#fre-#
041 _afre
044 _afr
050 4 _aND588.C7
_b.R68 1951
100 1 _aRouches, Gabriel
_99359
245 1 0 _aCranach l´Ancien
_cGabriel Rouches.
260 _aParís
_bBraun
_c1951
300 _a1 v. (sin paginación)
_bil., 60 láminas
_c16 cm.
440 0 _aCollection ´Les Maitres´
_914730
500 _aG25
504 _aBibliografía: p. [61]
600 1 4 _aCranach, Lucas
_d1472-1553
_914731
650 1 4 _aPintores alemanes
_9797
650 1 4 _aGrabadores alemanes
_97216
902 _aGFM
942 _2lcc
_cB
999 _c5504
_d5504